NFL Player Nicknames - Statistics

General Stats
  • This quiz has been taken 1,015 times
  • The average score is 12 of 19
Answer Stats
Name Nickname % Correct
Rob Gronkowski Gronk
95%
Ben Roethlisberger Big Ben
92%
Calvin Johnson Megatron
91%
Marshawn Lynch Beast Mode
89%
Robert Griffen III RG3
84%
Odell Beckham Jr. OBJ
83%
Deion Sanders Prime Time
83%
Jason Pierre-Paul JPP
73%
Dick Lane Night Train
73%
Lesean McCoy Shady
69%
Joe Greene Mean Joe Greene
67%
Walter Peyton Sweetness
66%
Darrelle Revis Revis Island
63%
Chris Johnson CJ2K
57%
Christian Okoye Nigerian Nightmare
47%
Chad Johnson Chad Ochocinco
38%
Quintorris Jones Julio Jones
7%
David Jones Deacon Jones
3%
Von Miller Strip Sack Miller
1%
No matching quizzes found
Score Distribution
Percent of People with Each Score
Percentile by Number Answered
Your Score History
You have not taken this quiz